<?xml version="1.0" encoding="UTF-8"?>
<record
    xmlns:xsi="http://www.w3.org/2001/XMLSchema-instance"
    xsi:schemaLocation="http://www.loc.gov/MARC21/slim http://www.loc.gov/standards/marcxml/schema/MARC21slim.xsd"
    xmlns="http://www.loc.gov/MARC21/slim">

  <leader>00901nam a2200229 a 4500</leader>
  <controlfield tag="001">38956</controlfield>
  <controlfield tag="003">BD-RjUL</controlfield>
  <controlfield tag="005">20211209052906.0</controlfield>
  <controlfield tag="008">160324s2003    bg ||||| |||| 000 0 ben d</controlfield>
  <datafield tag="020" ind1=" " ind2=" ">
    <subfield code="c">: Tk. 180.00</subfield>
  </datafield>
  <datafield tag="035" ind1=" " ind2=" ">
    <subfield code="a">(BD-RjUL) 39066</subfield>
  </datafield>
  <datafield tag="040" ind1=" " ind2=" ">
    <subfield code="a">BD-RjUL</subfield>
    <subfield code="b">ben</subfield>
    <subfield code="c">BD-RjUL</subfield>
  </datafield>
  <datafield tag="041" ind1=" " ind2=" ">
    <subfield code="a">ben</subfield>
  </datafield>
  <datafield tag="082" ind1=" " ind2=" ">
    <subfield code="2">23</subfield>
    <subfield code="b">SAB 2003</subfield>
    <subfield code="a">338.9</subfield>
  </datafield>
  <datafield tag="100" ind1=" " ind2=" ">
    <subfield code="a">&#x9B8;&#x9BE;&#x9B9;&#x9BE;, &#x9B8;&#x9A8;&#x9CE;&#x995;&#x9C1;&#x9AE;&#x9BE;&#x9B0; </subfield>
    <subfield code="9">120274</subfield>
  </datafield>
  <datafield tag="245" ind1="1" ind2="0">
    <subfield code="a">&#x9AD;&#x9BE;&#x9AC;&#x9A8;&#x9BE; &#x985;&#x9B0;&#x9CD;&#x9A5;&#x9A8;&#x9C0;&#x9A4;&#x9BF;&#x9B0;  &#x9AC;&#x9BF;&#x9B6;&#x9CD;&#x9AC;&#x9BE;&#x9AF;&#x9BC;&#x9A8;, &#x989;&#x9A8;&#x9CD;&#x9A8;&#x9AF;&#x9BC;&#x9A8; &#x993; &#x985;&#x9A8;&#x9CD;&#x9AF;&#x9BE;&#x9A8;&#x9CD;&#x9AF; /</subfield>
    <subfield code="c">&#x9B8;&#x9A8;&#x9CE;&#x995;&#x9C1;&#x9AE;&#x9BE;&#x9B0; &#x9B8;&#x9BE;&#x9B9;&#x9BE; </subfield>
  </datafield>
  <datafield tag="260" ind1=" " ind2=" ">
    <subfield code="a">&#x9A2;&#x9BE;&#x995;&#x9BE; :</subfield>
    <subfield code="b">&#x9B8;&#x9BE;&#x9B9;&#x9BF;&#x9A4;&#x9CD;&#x9AF;&#x9BF;&#x995;&#x9BE; ,</subfield>
    <subfield code="c">&#x9E8;&#x9E6;&#x9E6;&#x9E9;.</subfield>
  </datafield>
  <datafield tag="300" ind1=" " ind2=" ">
    <subfield code="a">&#x9E8;&#x9EA;&#x9EA; &#x9AA;&#x9C3;. ;</subfield>
    <subfield code="c">&#x9E8;&#x9E8; &#x9B8;&#x9C7;&#x9AE;&#x9BF;.</subfield>
  </datafield>
  <datafield tag="650" ind1=" " ind2=" ">
    <subfield code="a">&#x985;&#x9B0;&#x9CD;&#x9A5;&#x9A8;&#x9C8;&#x9A4;&#x9BF;&#x995; &#x989;&#x9A8;&#x9CD;&#x9A8;&#x9AF;&#x9BC;&#x9A8; &#x993; &#x9AA;&#x9CD;&#x9B0;&#x9AC;&#x9C3;&#x9A6;&#x9CD;&#x9A7;&#x9BF;</subfield>
    <subfield code="9">120296</subfield>
  </datafield>
  <datafield tag="650" ind1=" " ind2=" ">
    <subfield code="a">Economic development and growth</subfield>
    <subfield code="9">120297</subfield>
  </datafield>
  <datafield tag="942" ind1=" " ind2=" ">
    <subfield code="2">ddc</subfield>
    <subfield code="c">BK</subfield>
  </datafield>
  <datafield tag="999" ind1=" " ind2=" ">
    <subfield code="c">38956</subfield>
    <subfield code="d">38956</subfield>
  </datafield>
  <datafield tag="952" ind1=" " ind2=" ">
    <subfield code="0">0</subfield>
    <subfield code="1">0</subfield>
    <subfield code="2">ddc</subfield>
    <subfield code="4">0</subfield>
    <subfield code="7">0</subfield>
    <subfield code="8">NFIC</subfield>
    <subfield code="a">RUCL</subfield>
    <subfield code="b">RUCL</subfield>
    <subfield code="c">Stack</subfield>
    <subfield code="d">2014-04-26</subfield>
    <subfield code="e">Dhaka : Jatio sahitto proksh </subfield>
    <subfield code="g">180.00</subfield>
    <subfield code="l">0</subfield>
    <subfield code="o">B 338.9 SAB 2003</subfield>
    <subfield code="r">2016-03-24 00:00:00</subfield>
    <subfield code="t">C-2</subfield>
    <subfield code="w">2021-12-09</subfield>
    <subfield code="y">BK</subfield>
  </datafield>
  <datafield tag="952" ind1=" " ind2=" ">
    <subfield code="0">0</subfield>
    <subfield code="1">0</subfield>
    <subfield code="2">ddc</subfield>
    <subfield code="4">0</subfield>
    <subfield code="7">1</subfield>
    <subfield code="8">NFIC</subfield>
    <subfield code="a">RUCL</subfield>
    <subfield code="b">RUCL</subfield>
    <subfield code="c">Reading</subfield>
    <subfield code="d">2017-04-16</subfield>
    <subfield code="e">Author</subfield>
    <subfield code="g">180.00</subfield>
    <subfield code="l">0</subfield>
    <subfield code="o">B 338.9 SAB 2003</subfield>
    <subfield code="r">2018-04-12 00:00:00</subfield>
    <subfield code="t">C-1</subfield>
    <subfield code="w">2018-04-12</subfield>
    <subfield code="y">BK</subfield>
  </datafield>
</record>
